000 00267nam a2200109Ia 4500
008 190216s9999||||xx |||||||||||||| ||und||
100 _aVijayan M N
245 0 _aChithayile Velicham
260 _bPoorna Pubs Kozhikode
_c2004
650 _aEssay Malayalam
942 _cBK
999 _c25612
_d25612